00593nam a22001697a 450000500170000001000130001702000140003003500110004403700160005508200070007110000450007824500970012324600580022026000510027827000710032930000230040020200221151637.0 aUR-10704 c400.00a- aU-9259 bDBAD/PUBa- aن aڈ ا کٹر پر تيبھا ر ا ۓ  aآ خر ی ا يشو ر (ا ڑ يا نا و ل )cڈ ا کٹر پر تيبھا ر ا ۓ  bAkhri Ishwer (Udia Novel) (Urdu)aby Dr. Partibha Rai aN.DelhibEducational Publishing Housec2019 ء a3191,Vakil Street,Kucha Pandit, Lal Kuan,bDelhie6k9938905926l- a360 ص c22 Cm(Hb)